Estatísticas para Quiz da Eslováquia

Clique aqui para jogar o quiz

Estatísticas Gerais

  • Esse quiz foi jogado 520 vezes
  • A pontuação média é 11 de 19

Estatísticas das Respostas

DicaResposta% Correto
Países fazendo fronteira com a EslováquiaHungria
91%
Países fazendo fronteira com a EslováquiaRepública Checa
91%
Moeda oficialEuro
87%
Países fazendo fronteira com a EslováquiaPolônia
87%
Países fazendo fronteira com a EslováquiaÁustria
85%
A Eslováquia fazia parte deste país, 1918-1992Checoslováquia
83%
CapitalBratislava
82%
Países fazendo fronteira com a EslováquiaUcrânia
77%
País que liderou uma invasão no acima em 1968União Soviética
77%
Grupo étnico que inclui eslovacos, sérvios, e russosEslavos
72%
Rio em que fica o acimaDanúbio
63%
Esporte mais popularHóquei no gelo
46%
Moeda oficial antes do acimaCoroa
36%
Cordilheira que cobre grande parte da EslováquiaCárpatos
29%
A Eslováquia é o maior produtor per capita de ___ do mundo - 1.110.000 deles
foram fabricados no país apenas em 2019
Carros
29%
Segunda maior cidadeKošice
26%
Nome da revolução não violenta que derrubou o regime comunista em 1989Revolução de {Veludo}
22%
A Eslováquia tem o maior número desse tipo de estrutura per capita no mundoCastelo
21%
Cerca de 8,5% da população pertence a este grupo étnicoHúngaros
21%

Distribuição das Pontuações

Percentil de Números Respondidos

Porcentagem de Pessoas com Cada Pontuação

Sua Pontuação Histórica

Você não jogou esse quiz